Introduction to discourse studies
Uloženo v:
| Hlavní autoři: | , |
|---|---|
| Médium: | Kniha |
| Jazyk: | angličtina |
| Vydáno: |
Amsterdam, The Netherlands
John Benjamins
2018
|
| Témata: | |
| Tagy: |
Přidat tag
Žádné tagy, Buďte první, kdo vytvoří štítek k tomuto záznamu!
|
MARC
| LEADER | 00000cam a2200000 a 4500 | ||
|---|---|---|---|
| 001 | UCC9772 | ||
| 003 | CL-VaPUC | ||
| 005 | 20231128114012.0 | ||
| 008 | 191111e20180000ne eng d | ||
| 999 | |c 86180 |d 86180 | ||
| 020 | |a 9789027201966 | ||
| 040 | |c Pontificia Universidad Católica de Valparaíso | ||
| 082 | 0 | 4 | |a 401.41 REN 2018 |2 21 |
| 100 | |a Renkema, Jan |e author |9 605089 | ||
| 245 | 1 | 0 | |a Introduction to discourse studies |
| 260 | |a Amsterdam, The Netherlands |b John Benjamins |c 2018 | ||
| 300 | |a 453 páginas | ||
| 583 | |a last modification |c 20191111 01:17:00 |k cmena | ||
| 650 | 0 | 0 | |a Análisis del discurso |9 256696 |
| 650 | 0 | 0 | |a Lingüística aplicada |9 313266 |
| 650 | 0 | 0 | |a Investigación lingüística |9 329785 |
| 700 | 1 | |a Schubert, Christoph |e author |9 605090 | |
| 852 | |a BIBCUR | ||
| 942 | |c BK |2 ddc | ||
| 945 | |a cmena |d 20191111 01:17:00 | ||
| 952 | |0 0 |1 0 |3 erb |4 0 |6 401_410000000000000_REN_2018 |7 0 |8 A |9 495351 |a BIBEDU |b BIBEDU |d 2019-10-03 |e 2 |g 55477.00 |i 5562953 |o 401.41 REN 2018 |p 5562953 |r 2020-01-06 |v 55477.00 |w 2020-01-06 |y BK |z Catalogado en:20191111 |k LIT | ||